Rimavská Sobota

Zobrazenie: V bielom orámovaní pohľad sprava na Hatvaniho ulicu s mestskou zástavbou, v úzadí kostol ref. cirkvi, na komunikácii skupinky chodcov

Bibliographic Details
Format: Postcard
Language:Slovak
Hungarian
PhysicalDescription:1 pohľadnica čiernobiela 14 x 9 cm
Published: [Prešov] Lichtig [medzi 1922 a 1939?]
Subjects:

MARC

LEADER 00000nkm a2200000 a 4500
001 vtls011711291
003 SK-MaSNL
005 20260512125230.0
007 kp bo
008 231120q1922 xo g 00 kuslo
015 |a SNBG 
035 |a urn:nbn:sk:snk-km00eake 
035 |a urn:nbn:sk:snk-km43glt 
035 |a 0942912B-51F6-4846-85B5-2DCBE18BD783 
040 |a SNK  |b slo  |c SNK  |e AACR2 
041 0 |a slo  |a hun 
043 |a e-xo--- 
044 |a xo  |c SK 
072 7 |a 913  |x Regionálna geografia  |2 konspekt 
080 |a 913(437.6)  |2 2011 
080 |a 711.73  |2 2011 
080 |a (084.121)  |2 2011 
245 0 0 |a Rimavská Sobota  |h grafika 
246 3 1 |a Rimaszombat 
260 |a [Prešov]  |b Lichtig  |c [medzi 1922 a 1939?] 
300 |a 1 pohľadnica  |b čiernobiela  |c 14 x 9 cm 
500 |a Názvové údaje prevzaté z obrazovej strany pohľadnice 
520 8 |a Zobrazenie: V bielom orámovaní pohľad sprava na Hatvaniho ulicu s mestskou zástavbou, v úzadí kostol ref. cirkvi, na komunikácii skupinky chodcov 
546 |a Súbežný názov v maďarčine 
650 0 7 |a ulice  |2 SNKPH  |9 2938 
651 7 |a Rimavská Sobota (Slovensko)  |2 SNKPHgeo  |9 28655 
655 7 |a miestne pohľadnice  |2 SNKPH  |9 70510 
852 |a Slovenská národná knižnica 
958 |a ONDV 
958 |a GBN 
958 |a GC 
999 |c 1024147  |d 1026077 
952 |a SNK  |b SNK  |y PREZ  |7 0  |p 17A1220303  |o snkSP 20498  |0 0  |1 0  |4 0  |d 2017-09-19  |f 1  |l 0  |r 2026-02-24 13:34:04  |w 2026-02-24